| 000 | 00348cam a2200145ua 4500 | ||
|---|---|---|---|
| 041 |
_aeng _h |
||
| 082 |
_a616.932 _bPOL/CH |
||
| 100 | _aPollitzer, R . | ||
| 245 |
_aCholera / _cR.Pollitzer. _hTextual Documents |
||
| 260 |
_aGeneva : _bWorld Health Organisation , _c1959. |
||
| 300 | _a1019 ; . | ||
| 504 | _a | ||
| 942 | _cBK | ||
| 999 |
_c785 _d785 |
||